000
00311 a2200157 4500
001
186708
020
_a
978-85-260-1732-0
040
_c
Magnum
100
_a
França, Mary
240
1
0
_a
A cabra
_l
por
245
1
0
_a
A cabra
300
_a
15
362
0
_a
2012
697
_a
LITERATURA INFANTIL
942
_c
BK
999
_c
186708
_d
186708